[Event "KGZ-ch (Women)"]
[Site "Bishkek"]
[Date "2023.05.07"]
[Round "10"]
[White "Zhunusbekova, Aymunzhok"]
[Black "Tursunalieva, Nurelina"]
[Result "1/2-1/2"]
[WhiteElo "1577"]
[BlackElo "1432"]
[PlyCount "146"]
[EventDate "2023.04.28"]
[EventType "tourn"]
[EventRounds "11"]
[EventCountry "KGZ"]
[SourceTitle "CBM 214 Extra"]
[Source "ChessBase"]
[SourceDate "2023.07.31"]
[SourceVersion "1"]
[SourceVersionDate "2023.07.31"]
[SourceQuality "1"]

1. Nf3 d5 2. c4 e6 3. g3 Nf6 4. Bg2 c5 5. 0-0 d4 6. d3 Nc6 7. Bf4 Bd6 8. Bxd6 Qxd6 9. Nbd2 h6 10. a3 e5 11. Rb1 a5 12. h3 Bf5 13. Nh4 Bh7 14. Qb3 Rb8 15. Qb5 g5 16. Nhf3 0-0 17. Nh2 Rfc8 18. Ng4 Nxg4 19. hxg4 b6 20. Bf3 Ne7 21. Kg2 f5 22. Rh1 Qe6 23. gxf5 Bxf5 24. Rh5 Kg7 25. Rbh1 Rh8 26. b4 Bg6 27. R5h2 Be8 28. Qa6 axb4 29. axb4 cxb4 30. Rb1 Nc6 31. Bd5 Qc8 32. Qa4 Ne7 33. Qa7 Kf8 34. Bf3 Nc6 35. Qa4 Ra8 36. Qb5 Qc7 37. Rxb4 Ra2 38. Qxb6 Qxb6 39. Rxb6 Rxd2 40. Bxc6 Bxc6+ 41. Rxc6 Rxe2 42. Kf3 Re1 43. Rc8+ Kg7 44. Rxh8 Kxh8 45. Rxh6+ Kg7 46. Rh5 Kg6 47. Kg4 Rd1 48. Rxg5+ Kf6 49. Rf5+ Ke6 50. Rf3 e4 51. dxe4 Ke5 52. Ra3 d3 53. Ra8 Kxe4 54. c5 Rf1 55. c6 d2 56. Re8+ Kd3 57. Rd8+ Ke2 58. Re8+ Kxf2 59. Rf8+ Kg2 60. Rd8 d1Q+ 61. Rxd1 Rxd1 62. Kf5 Rc1 63. g4 Kg3 64. g5 Rc5+ 65. Ke6 Rxc6+ 66. Kf7 Kg4 67. g6 Kg5 68. g7 Rf6+ 69. Ke8 Rg6 70. Kf7 Kh6 71. g8Q Rxg8 72. Kxg8 Kg5 73. Kf8 Kf6 1/2-1/2

[Event "KGZ-ch (Women)"]
[Site "Bishkek"]
[Date "2023.05.05"]
[Round "8"]
[White "Tursunalieva, Nurelina"]
[Black "Abdurahmanova, Ramina"]
[Result "0-1"]
[WhiteElo "1432"]
[BlackElo "1239"]
[PlyCount "60"]
[EventDate "2023.04.28"]
[EventType "tourn"]
[EventRounds "11"]
[EventCountry "KGZ"]
[SourceTitle "CBM 214 Extra"]
[Source "ChessBase"]
[SourceDate "2023.07.31"]
[SourceVersion "1"]
[SourceVersionDate "2023.07.31"]
[SourceQuality "1"]

1. e4 c6 2. d4 d5 3. e5 g6 4. Nf3 Bg4 5. Be2 Bxf3 6. Bxf3 e6 7. 0-0 h5 8. b3 Nh6 9. c4 Nf5 10. cxd5 cxd5 11. Na3 Nc6 12. Nc2 Bh6 13. b4 Bxc1 14. Rxc1 Qb6 15. a4 Ncxd4 16. Bxd5 Nxc2 17. a5 Qxb4 18. Rb1 Qc5 19. Bxb7 Rd8 20. Qf3 Ncd4 21. Qe4 0-0 22. a6 Qc2 23. Qxc2 Nxc2 24. Rfc1 Nfd4 25. Kf1 Na3 26. Rb2 Rd7 27. g3 Rfd8 28. Kg2 Nab5 29. Rd1 Kf8 30. h3 Ke7 0-1

[Event "KGZ-ch (Women)"]
[Site "Bishkek"]
[Date "2023.04.29"]
[Round "2"]
[White "Tursunalieva, Nurelina"]
[Black "Kasymova, Eliza"]
[Result "1-0"]
[WhiteElo "1432"]
[BlackElo "1248"]
[PlyCount "43"]
[EventDate "2023.04.28"]
[EventType "tourn"]
[EventRounds "11"]
[EventCountry "KGZ"]
[SourceTitle "CBM 214 Extra"]
[Source "ChessBase"]
[SourceDate "2023.07.31"]
[SourceVersion "1"]
[SourceVersionDate "2023.07.31"]
[SourceQuality "1"]

1. e4 e6 2. d4 d5 3. e5 c5 4. c3 Nc6 5. Nf3 Qb6 6. Bd3 cxd4 7. cxd4 Bd7 8. Bc2 Nh6 9. Nc3 Nb4 10. Bb1 g6 11. a3 Nc6 12. 0-0 Rc8 13. Na4 Qc7 14. b4 Nxd4 15. Nxd4 Qxe5 16. Bb2 Qc7 17. Nxe6 fxe6 18. Bxh8 Bd6 19. g3 e5 20. Ba2 Qd8 21. Bg7 Nf5 22. Qxd5 1-0

[Event "KGZ-ch (Women)"]
[Site "Bishkek"]
[Date "2023.04.28"]
[Round "1"]
[White "Sovetbekova, Nurai"]
[Black "Tursunalieva, Nurelina"]
[Result "1-0"]
[WhiteElo "1764"]
[BlackElo "1432"]
[PlyCount "45"]
[EventDate "2023.04.28"]
[EventType "tourn"]
[EventRounds "11"]
[EventCountry "KGZ"]
[SourceTitle "CBM 214 Extra"]
[Source "ChessBase"]
[SourceDate "2023.07.31"]
[SourceVersion "1"]
[SourceVersionDate "2023.07.31"]
[SourceQuality "1"]

1. d4 Nf6 2. c4 c5 3. d5 b5 4. Qc2 e6 5. e4 bxc4 6. Nc3 exd5 7. e5 Ng8 8. Nxd5 Bb7 9. Bxc4 Ne7 10. Qb3 Bxd5 11. Bxd5 Nxd5 12. Qxd5 Na6 13. Nf3 Be7 14. 0-0 0-0 15. Rd1 Qa5 16. Bg5 Bxg5 17. Nxg5 Rad8 18. Qd3 g6 19. Qh3 h5 20. Ne4 Kg7 21. Qf3 Qb6 22. Rac1 Nb8 23. Qc3 1-0

[Event "Wch FIDE Online U10 Girls Asia qual"]
[Site "Tornelo INT"]
[Date "2020.12.13"]
[Round "6"]
[White "Katakam, Deethya Sai"]
[Black "Tursunalieva, Nurelina"]
[Result "0-1"]
[WhiteElo "1327"]
[BlackElo "1165"]
[PlyCount "118"]
[EventDate "2020.12.11"]
[EventType "swiss (rapid)"]
[EventRounds "7"]
[EventCountry "ISS"]
[SourceTitle "EXT 2022"]
[Source "ChessBase"]
[SourceDate "2021.10.06"]
[SourceVersion "1"]
[SourceVersionDate "2021.10.06"]
[SourceQuality "1"]

1. e4 c5 2. c3 d6 3. d4 cxd4 4. cxd4 g6 5. Nc3 Bg7 6. Nf3 Nf6 7. Bb5+ Bd7 8. Bxd7+ Nbxd7 9. 0-0 0-0 10. e5 dxe5 11. dxe5 Ng4 12. e6 fxe6 13. h3 Ngf6 14. Re1 Nc5 15. Be3 Qxd1 16. Raxd1 Nfd7 17. Bxc5 Nxc5 18. Rd2 Rfd8 19. Red1 Rxd2 20. Rxd2 Bxc3 21. bxc3 Ne4 22. Rc2 Rc8 23. c4 b5 24. Nd4 bxc4 25. Nxe6 c3 26. Nf4 e5 27. Ne2 Nd6 28. Rxc3 Rxc3 29. Nxc3 Kf7 30. Kf1 Ke6 31. Ke2 a6 32. Kd3 Nb5 33. Nxb5 axb5 34. Ke4 Kd6 35. g3 h6 36. f3 b4 37. h4 g5 38. hxg5 hxg5 39. g4 Ke6 40. Ke3 Kd5 41. Kd3 Kc5 42. Kd2 Kd4 43. Kc2 Ke3 44. Kb3 Kxf3 45. Kxb4 e4 46. a4 e3 47. a5 e2 48. a6 e1Q+ 49. Kb5 Qe8+ 50. Kb6 Qa8 51. a7 Kxg4 52. Ka6 Kf4 53. Kb6 g4 54. Ka6 g3 55. Kb6 g2 56. Ka6 g1Q 57. Kb5 Qc1 58. Kb4 Qb7+ 59. Ka4 Qa1# 0-1

[Event "Wch FIDE Online U10 Girls Asia qual"]
[Site "Tornelo INT"]
[Date "2020.12.12"]
[Round "3"]
[White "Kaliakhmet, Elnaz"]
[Black "Tursunalieva, Nurelina"]
[Result "1-0"]
[WhiteElo "1426"]
[BlackElo "1165"]
[PlyCount "63"]
[EventDate "2020.12.11"]
[EventType "swiss (rapid)"]
[EventRounds "7"]
[EventCountry "ISS"]
[SourceTitle "EXT 2022"]
[Source "ChessBase"]
[SourceDate "2021.10.06"]
[SourceVersion "1"]
[SourceVersionDate "2021.10.06"]
[SourceQuality "1"]

1. d4 d5 2. c4 e6 3. Nf3 Nf6 4. Nc3 Be7 5. Bg5 h6 6. Bh4 b6 7. e3 c5 8. cxd5 exd5 9. Ne5 Bb7 10. Bb5+ Nfd7 11. Bxe7 Qxe7 12. Qg4 f6 13. Ng6 h5 14. Qg3 Qe6 15. Nxh8 g5 16. Qh3 Qxh3 17. gxh3 a6 18. Bd3 cxd4 19. exd4 h4 20. 0-0 Ke7 21. Rae1+ Kf8 22. Ng6+ Kg7 23. Re7+ Kg8 24. Rfe1 Nc6 25. Rxd7 Rb8 26. Ne7+ Nxe7 27. Rexe7 Bc6 28. Rg7+ Kf8 29. Rdf7+ Ke8 30. Bg6 Kd8 31. Rf8+ Be8 32. Rxe8# 1-0

[Event "Wch FIDE Online U10 Girls Asia qual"]
[Site "Tornelo INT"]
[Date "2020.12.11"]
[Round "1"]
[White "Wang, Yanhan"]
[Black "Tursunalieva, Nurelina"]
[Result "1-0"]
[WhiteElo "1552"]
[BlackElo "1165"]
[PlyCount "61"]
[EventDate "2020.12.11"]
[EventType "swiss (rapid)"]
[EventRounds "7"]
[EventCountry "ISS"]
[SourceTitle "EXT 2022"]
[Source "ChessBase"]
[SourceDate "2021.10.06"]
[SourceVersion "1"]
[SourceVersionDate "2021.10.06"]
[SourceQuality "1"]

1. e4 c5 2. Nf3 d6 3. d4 cxd4 4. Nxd4 Nf6 5. Nc3 g6 6. Be2 Bg7 7. Be3 Nc6 8. f3 Bd7 9. Qd2 Nxd4 10. Bxd4 a6 11. g4 b5 12. h4 b4 13. Nd5 a5 14. Bb6 Qc8 15. Nc7+ Kf8 16. Nxa8 Qxa8 17. Bd4 Qb7 18. h5 a4 19. h6 Bxh6 20. Qxh6+ Ke8 21. Qg7 Rg8 22. Qh6 b3 23. axb3 axb3 24. c3 e5 25. Be3 Ke7 26. Bg5 Bb5 27. Bxb5 Qxb5 28. Ra7+ Ke6 29. Bxf6 Kxf6 30. Qh4+ Ke6 31. Qe7# 1-0